Libertad de conciencia y laicidad en las instituciones y servicios pb︢licos

Detalles Bibliográficos
Otros Autores: Llamazares Fernǹdez, Dionisio
Formato: Software Libro
Lenguaje:español
Publicado: Madrid : Dykinson, 2005
Colección:Pacto para la convivencia ; 1
Materias:
Acceso en línea:Acceso restringido

MARC

LEADER 00000nam a2200000 a 4500
005 20120228150122.0
007 c||||| ||||
008 050921s2005 sp |||||| 000 ||spa|c
017 |a DL SE. 3135-2005 
020 |a 8497726960 
035 |a 2749 
040 |d vLex 
090 |c 3048  |d 3048 
245 0 0 |a Libertad de conciencia y laicidad en las instituciones y servicios pb︢licos   |h [Recurso electrn̤ico] /  |c Dionisio Llamazares Fernǹdez, director 
256 |a Servicio en ln̕ea 
260 |a Madrid :  |b Dykinson,  |c 2005 
300 |a 1 recurso electrn̤ico 
500 |a En la portada : Ct̀edra de Laicidad y Libertades Pb︢licas 
650 0 4 |a Libertad de conciencia 
650 0 4 |a Laicismo 
700 1 |a Llamazares Fernǹdez, Dionisio 
740 0 |a vLex Libros (Servicio en ln̕ea) 
830 0 |a Pacto para la convivencia ;  |v 1 
856 4 0 |u http://vlex.com/source/libertad-conciencia-laicidad-instituciones-servicios-publicos-2749  |z Acceso restringido 
942 |c BOOK